SEC College Towns - Statistics

General Stats
  • This quiz has been taken 24 times
  • The average score is 12 of 14
Answer Stats
Hint Answer % Correct
Louisiana State Baton Rouge
96%
U of Florida Gainesville
96%
Vanderbilt Nashville
96%
Auburn Auburn
91%
Texas A&M College Station
91%
U of Tennessee Knoxville
91%
U of Alabama Tuscaloosa
91%
U of Georgia Athens
87%
U of Missouri Columbia
83%
U of South Carolina Columbia
83%
U of Arkansas Fayetteville
83%
U of Kentucky Lexington
83%
U of Mississippi Oxford
78%
Mississippi State Starkville
65%
No matching quizzes found
Score Distribution
Percent of People with Each Score
Percentile by Number Answered
Your Score History
You have not taken this quiz